| 000 | 00911nas a2200313 4500 | ||
|---|---|---|---|
| 001 | BR0804568 | ||
| 003 | BR-BrBNA | ||
| 005 | 20231205111837.0 | ||
| 007 | ta | ||
| 008 | 230509b bl.|||p| |||| 00| 00por d | ||
| 040 |
_aBR-BrBNA _bpor _cBiblioteca Nacional de Agricultura |
||
| 041 | _a(Pt) | ||
| 072 | _aF03 | ||
| 100 | 1 | _aZucareli, C. | |
| 100 | 1 | _aCastro, M.M. | |
| 100 | 1 | _aOliveira, H.R. | |
| 100 | 1 | _aBrancalião, S.R. | |
| 100 | 1 | _aRodrigues, J.D. | |
| 100 | 1 | _aOno, E.O. | |
| 100 | 1 | _aBoaro, C.S.F. | |
| 245 | 1 | _aFitoreguladores e germinação de sementes de maracujá doce em condições de laboratório | |
| 650 | _aREGULADOR DE CRESCIMENTO | ||
| 650 | _aGERMINAÇÃO | ||
| 650 | _aSEMENTE | ||
| 650 | _aMARACUJA | ||
| 773 | 0 |
_tScientia Agraria (Brazil) _xISSN 1519-1125 _g(2003), v. 4(1-2) p. 9-14 _wBR0804568 |
|
| 909 |
_a202311 _bLúcia _c55 _dLúcia Elande |
||
| 942 |
_2AGRIS _n0 _cANA |
||
| 999 |
_c194764 _d194764 |
||